عرض عادي
عرض مارك
- Rogers, N. W.
مدخل إسم شخص
001 - رقم الضبط
- حقل الضبط: 40856
003 - معرف رقم الضبط
- حقل الضبط: OSt
005 - تاريخ ووقت أخر عملية
- حقل الضبط: 20131212154353.0
008 - عناصر بيانات ثابتة الطول
- حقل تحكم ثابت الطول: 131212|||a|||||| | ||| d
040 ## - مصدر الفهرسة
- هيئة الفهرسة الأصلية: OSt
- وكالة الكتابة: OSt
100 ## - مدخل -- أسم شخص
- إسم شخص: Rogers, N. W.
670 ## - بيانات المصدر موجوده
- الاستشهاد بالمصدر: Work cat.: (OSt)0: An introduction to our dynamic planet /, 2008.
